Najpopularniejsze języki słowiańskie - Statystyki

Ogólne statystyki
  • Ten quiz został rozwiązany 341 razy
  • Średni wynik to 10 z 12
Statystyki odpowiedzi
liczba rdzennych rozmówców język słowiański % Poprawnych
ok. 44 milionów Polski
100%
ok. 160 milionów Rosyjski
98%
ok. 40 milionów Ukraiński
97%
ok. 10 milionów Czeski
96%
ok. 5 milionów Słowacki
96%
ok. 8 mlionów Białoruski
89%
ok. 7 milionów Chorwacki
84%
ok. 13 milionów Serbski
82%
ok. 2 miliony Słoweński
82%
ok. 8,5 milionów Bułgarski
71%
ok. 2 miliony Bośniacki
61%
ok. 1,8 miliona Macedoński
61%
Nie znaleziono quizów pasujących do podanych kryteriów
Rozkład punktacji
Procent ludzi z każdym wynikiem
Percentyl według liczby udzielonych odpowiedzi
Twoja historia wyników
Nie rozwiązałeś tego quizu